[Event "URU-chT3"]
[Site "Montevideo"]
[Date "2023.07.23"]
[Round "5.4"]
[White "Diaz Delograsi, Francisco"]
[Black "Rey, Antonio"]
[Result "0-1"]
[WhiteElo "1374"]
[BlackElo "1419"]
[PlyCount "70"]
[EventDate "2023.07.21"]
[EventType "swiss"]
[EventRounds "5"]
[EventCountry "URU"]
[SourceTitle "EXT 2024"]
[Source "ChessBase"]
[SourceDate "2023.10.10"]
[SourceVersion "1"]
[SourceVersionDate "2023.10.10"]
[SourceQuality "1"]
[WhiteTeam "Trebejos U20"]
[BlackTeam "Trebejos Tablejos"]
[WhiteTeamCountry "URU"]
[BlackTeamCountry "URU"]

1. e4 e6 2. d4 d5 3. e5 c5 4. c3 Nc6 5. Nf3 Bd7 6. Na3 cxd4 7. cxd4 a6 8. Nc2 Nge7 9. Be2 Nf5 10. 0-0 Be7 11. a3 0-0 12. b4 Rc8 13. Ne3 Nxe3 14. Bxe3 Na7 15. a4 Bxb4 16. Rb1 Qa5 17. Bd2 Bxd2 18. Qxd2 Qxd2 19. Nxd2 Rc7 20. a5 Bb5 21. Bxb5 Nxb5 22. Nb3 Rc4 23. Rfd1 Nc3 24. Nc5 Nxb1 25. Rxb1 Rxd4 26. g3 Rc4 27. Nd7 Rd8 28. Rxb7 Ra4 29. Rb6 Rxa5 30. Rd6 Kh8 31. Nb6 Re8 32. Rd7 Rf8 33. f4 h6 34. f5 Ra2 35. Ra7 Rb8 0-1

[Event "Florianopolis op 9th"]
[Site "Florianopolis"]
[Date "2023.01.26"]
[Round "5"]
[White "Solaeche G, Axel Jose"]
[Black "Rey, Antonio"]
[Result "1/2-1/2"]
[WhiteElo "1106"]
[BlackElo "1434"]
[PlyCount "51"]
[EventDate "2023.01.23"]
[EventType "swiss"]
[EventRounds "10"]
[EventCountry "BRA"]
[SourceTitle "CBM 212 Extra"]
[Source "ChessBase"]
[SourceDate "2023.03.31"]
[SourceVersion "1"]
[SourceVersionDate "2023.03.31"]
[SourceQuality "1"]

1. Nf3 d5 2. c4 e6 3. e3 Nf6 4. d4 Be7 5. Nc3 Nbd7 6. c5 b6 7. c6 Nb8 8. Ne5 Bb4 9. Bd2 Bxc3 10. Bxc3 Qd6 11. Qb3 0-0 12. Bb4 Qd8 13. Bxf8 Qxf8 14. Bd3 a5 15. a4 Na6 16. Qa3 Nb4 17. 0-0 Ba6 18. Bxa6 Rxa6 19. Rac1 Qe8 20. f3 Ra8 21. g3 h6 22. Rc3 Nh7 23. Rfc1 f6 24. Nd3 Qf7 25. R1c2 e5 26. Nxb4 1/2-1/2

[Event "Florianopolis op 9th"]
[Site "Florianopolis"]
[Date "2023.01.24"]
[Round "2"]
[White "Rey, Antonio"]
[Black "Berteli, Laura Manarim"]
[Result "1-0"]
[WhiteElo "1434"]
[BlackElo "1682"]
[PlyCount "53"]
[EventDate "2023.01.23"]
[EventType "swiss"]
[EventRounds "10"]
[EventCountry "BRA"]
[SourceTitle "CBM 212 Extra"]
[Source "ChessBase"]
[SourceDate "2023.03.31"]
[SourceVersion "1"]
[SourceVersionDate "2023.03.31"]
[SourceQuality "1"]

1. c4 e5 2. g3 Nc6 3. Bg2 Nf6 4. Nf3 Bb4 5. a3 Be7 6. 0-0 Ne4 7. d3 Nxf2 8. Rxf2 Bc5 9. e3 0-0 10. b4 Be7 11. b5 Nb8 12. Nxe5 f6 13. Bd5+ Kh8 14. Nf7+ Rxf7 15. Bxf7 Qf8 16. Bd5 c6 17. Be4 g6 18. Bb2 d6 19. Qf1 Nd7 20. bxc6 bxc6 21. Bxc6 Rb8 22. Bxd7 Bxd7 23. Bxf6+ Bxf6 24. Rxf6 Qg7 25. Rf7 Qg8 26. Qf6+ Qg7 27. Qxg7# 1-0

[Event "Rocha op"]
[Site "Rocha"]
[Date "2022.10.02"]
[Round "4"]
[White "Ojeda, Cristhian"]
[Black "Rey, Antonio"]
[Result "1-0"]
[WhiteElo "1634"]
[BlackElo "1415"]
[PlyCount "55"]
[EventDate "2022.10.01"]
[EventType "swiss"]
[EventRounds "5"]
[EventCountry "URU"]
[SourceTitle "EXT 2023"]
[Source "ChessBase"]
[SourceDate "2022.10.05"]
[SourceVersion "1"]
[SourceVersionDate "2022.10.05"]
[SourceQuality "1"]

1. e4 e6 2. d4 d5 3. exd5 exd5 4. Nf3 Nf6 5. Bd3 Be7 6. 0-0 0-0 7. Bg5 b6 8. Re1 Nbd7 9. Ne5 Bb7 10. Re3 Ne4 11. Bxe7 Qxe7 12. Nxd7 Qxd7 13. Rh3 g6 14. Nd2 Rae8 15. Nf3 Qe7 16. Ne5 Qf6 17. Bxe4 Rxe5 18. dxe5 Qxe5 19. Bd3 Qxb2 20. Rb1 Qxa2 21. Rb4 Qa5 22. Rbh4 Re8 23. Kf1 h5 24. Rg3 Kf8 25. Rf4 Kg7 26. Rxf7+ Kxf7 27. Bxg6+ Ke7 28. Re3+ 1-0

[Event "Montevideo Trebejos op 05"]
[Site "Montevideo"]
[Date "2022.05.20"]
[Round "3"]
[White "Rey, Antonio"]
[Black "Bon, Charles"]
[Result "0-1"]
[WhiteElo "1385"]
[BlackElo "1572"]
[PlyCount "116"]
[EventDate "2022.05.13"]
[EventType "swiss"]
[EventRounds "6"]
[EventCountry "URU"]
[SourceTitle "EXT 2024"]
[Source "ChessBase"]
[SourceDate "2023.10.10"]
[SourceVersion "1"]
[SourceVersionDate "2023.10.10"]
[SourceQuality "1"]

1. c4 Nf6 2. g3 g6 3. Bg2 Bg7 4. d4 0-0 5. Nf3 d6 6. 0-0 c5 7. Nc3 cxd4 8. Nxd4 Nbd7 9. h3 a6 10. e4 Qc7 11. b3 Rb8 12. Qc2 Nc5 13. Be3 Bd7 14. Rac1 Ne6 15. Rfd1 Nxd4 16. Bxd4 Rbc8 17. Bxf6 exf6 18. Nd5 Qd8 19. Qd2 Re8 20. Qb4 Bc6 21. c5 dxc5 22. Qxc5 Bf8 23. Qc3 Bxd5 24. Qxc8 Qxc8 25. Rxc8 Rxc8 26. exd5 Bd6 27. Rd2 f5 28. Rd4 Rc2 29. Rc4 Rxa2 30. Rc8+ Kg7 31. Rd8 Bc5 32. d6 Rxf2 33. b4 Bb6 34. Rb8 Rd2+ 35. Kh2 Rxd6 36. Rxb7 Bd4 37. Bf1 Be3 38. Bc4 Rd2+ 39. Kh1 Rb2 40. Rxf7+ Kh6 41. Bxa6 Rxb4 42. Re7 Re4 43. Rc7 Bd4 44. Rc6 Be5 45. Bd3 Re3 46. Bxf5 Rxg3 47. h4 Kh5 48. Bc2 Kxh4 49. Rc4+ Rg4 50. Rc5 Bf4 51. Bd1 Rg3 52. Rc4 g5 53. Rc6 h5 54. Rh6 g4 55. Rf6 Be3 56. Bc2 Kh3 57. Rf1 Bc5 58. Bg6 Rg2 0-1

[Event "URU-chT Clubs"]
[Site "Punta del Este"]
[Date "2021.10.30"]
[Round "2.4"]
[White "Bentancurt, Juan"]
[Black "Rey, Antonio"]
[Result "0-1"]
[WhiteElo "1685"]
[BlackElo "1390"]
[PlyCount "56"]
[EventDate "2021.10.29"]
[EventType "team-swiss"]
[EventRounds "5"]
[EventCountry "URU"]
[SourceTitle "CBM 205 Extra"]
[Source "ChessBase"]
[SourceDate "2022.01.31"]
[SourceVersion "1"]
[SourceVersionDate "2022.01.31"]
[SourceQuality "1"]
[WhiteTeam "Maldonado"]
[BlackTeam "Montevideo Piratas del Tablero II"]
[WhiteTeamCountry "URU"]
[BlackTeamCountry "URU"]

1. e4 e6 2. d4 d5 3. Nc3 Ne7 4. e5 g6 5. Bd3 Bg7 6. Nf3 0-0 7. Be3 Nd7 8. Qd2 Re8 9. Bh6 Bh8 10. h4 c5 11. h5 cxd4 12. hxg6 fxg6 13. Qf4 dxc3 14. Ng5 Nf5 15. Bxf5 exf5 16. e6 Nc5 17. Kf1 Nxe6 18. Qh2 Nxg5 19. Bxg5 Qd7 20. b3 Qf7 21. Rd1 b6 22. Qh4 Ba6+ 23. Kg1 Re4 24. f4 Rae8 25. Rh3 Re3 26. Rh2 Re2 27. Rxd5 Re1+ 28. Kf2 R8e2+ 0-1

[Event "Montevideo Trebejos op 09"]
[Site "Montevideo"]
[Date "2021.09.12"]
[Round "5"]
[White "Rey, Antonio"]
[Black "Ferreira, Lucas Natan Dias"]
[Result "1-0"]
[WhiteElo "1396"]
[BlackElo "1533"]
[PlyCount "47"]
[EventDate "2021.09.10"]
[EventType "swiss"]
[EventRounds "5"]
[EventCountry "URU"]
[SourceTitle "CBM 204 Extra"]
[Source "ChessBase"]
[SourceDate "2021.11.30"]
[SourceVersion "1"]
[SourceVersionDate "2021.11.30"]
[SourceQuality "1"]

1. c4 g6 2. g3 Bg7 3. Bg2 Nc6 4. Nf3 e6 5. 0-0 Nge7 6. Nc3 b6 7. d4 0-0 8. e4 Bb7 9. Bf4 f5 10. e5 d6 11. exd6 cxd6 12. Ng5 Qd7 13. d5 exd5 14. cxd5 Nb4 15. Ne6 Rfe8 16. Nxg7 Kxg7 17. Qd4+ Kg8 18. Qxb4 Nc8 19. Rfe1 Rxe1+ 20. Rxe1 a5 21. Qb5 Qf7 22. Qe8+ Qxe8 23. Rxe8+ Kf7 24. Re6 1-0

[Event "Montevideo Trebejos op 10"]
[Site "Montevideo"]
[Date "2017.10.17"]
[Round "4"]
[White "Rey, Antonio"]
[Black "Campora, Edgardo"]
[Result "0-1"]
[WhiteElo "1340"]
[BlackElo "1716"]
[PlyCount "38"]
[EventDate "2017.10.03"]
[EventType "swiss"]
[EventRounds "6"]
[EventCountry "URU"]
[SourceTitle "CBM 181 Extra"]
[Source "ChessBase"]
[SourceDate "2017.12.12"]
[SourceVersion "1"]
[SourceVersionDate "2017.12.12"]
[SourceQuality "1"]

1. c4 Nf6 2. d4 g6 3. Nc3 Bg7 4. e4 d6 5. Nf3 0-0 6. Be2 e5 7. dxe5 dxe5 8. Qxd8 Rxd8 9. Bg5 Re8 10. 0-0 c6 11. Rad1 Na6 12. Rd6 Be6 13. Rdd1 Nc5 14. Nd2 Rad8 15. f3 h6 16. Be3 Nd3 17. Bxd3 Rxd3 18. Rfe1 Red8 19. b3 Rxc3 0-1

[Event "Montevideo Trebejos op 10"]
[Site "Montevideo"]
[Date "2017.10.03"]
[Round "1"]
[White "Rodriguez Lazo, Luis A"]
[Black "Rey, Antonio"]
[Result "1-0"]
[WhiteElo "1870"]
[BlackElo "1340"]
[PlyCount "65"]
[EventDate "2017.10.03"]
[EventType "swiss"]
[EventRounds "6"]
[EventCountry "URU"]
[SourceTitle "CBM 181 Extra"]
[Source "ChessBase"]
[SourceDate "2017.12.12"]
[SourceVersion "1"]
[SourceVersionDate "2017.12.12"]
[SourceQuality "1"]

1. d4 d5 2. c4 e6 3. Nc3 Be7 4. Nf3 Nf6 5. Bg5 Nbd7 6. e3 c6 7. Rc1 0-0 8. Qc2 Qa5 9. a3 Re8 10. Bd3 Rb8 11. 0-0 a6 12. Bf4 Ra8 13. b4 Qd8 14. Qb3 dxc4 15. Bxc4 b5 16. Bxe6 fxe6 17. Qxe6+ Kh8 18. Ng5 Rf8 19. Qxc6 Nb6 20. Bc7 Qd7 21. Qxb6 Nd5 22. Nxd5 Qxd5 23. Nf3 Bb7 24. e4 Qxe4 25. Rfe1 Qd5 26. Re5 Qf7 27. Qxb7 Rac8 28. Qd5 Qf4 29. Rce1 Bf6 30. g3 Qh6 31. Rh5 Qg6 32. Bf4 Qd3 33. Ne5 1-0